Public Health Service, extension of hospital service. (Record no. 38463)
[ view plain ]
| 000 -LEADER | |
|---|---|
| fixed length control field | 01339cam a22002531 4500 |
| 001 - CONTROL NUMBER | |
| control field | med47001924 |
| 003 - CONTROL NUMBER IDENTIFIER | |
| control field | DLC |
| 005 - DATE AND TIME OF LATEST TRANSACTION | |
| control field | 20260227111604.0 |
| 008 - FIXED-LENGTH DATA ELEMENTS--GENERAL INFORMATION | |
| fixed length control field | 871215s1947 dcu f000 0 eng |
| 010 ## - LIBRARY OF CONGRESS CONTROL NUMBER | |
| LC control number | med47001924 |
| 035 ## - SYSTEM CONTROL NUMBER | |
| System control number | (OCoLC)17241264 |
| 040 ## - CATALOGING SOURCE | |
| Original cataloging agency | DLC |
| Transcribing agency | TxDaM-L |
| Modifying agency | DLC |
| 050 00 - LIBRARY OF CONGRESS CALL NUMBER | |
| Classification number | KF27 |
| Item number | .I55 1947h |
| 082 ## - DEWEY DECIMAL CLASSIFICATION NUMBER | |
| Classification number | 362.1 |
| 086 0# - GOVERNMENT DOCUMENT CLASSIFICATION NUMBER | |
| Classification number | Y 4.In 8/4:P 96/14 |
| 110 1# - MAIN ENTRY--CORPORATE NAME | |
| Corporate name or jurisdiction name as entry element | United States. |
| Subordinate unit | Congress. |
| -- | House. |
| -- | Committee on Interstate and Foreign Commerce. |
| 245 00 - TITLE STATEMENT | |
| Title | Public Health Service, extension of hospital service. |
| Remainder of title | Hearing before a subcommittee of the Committee on Interstate and Foreign Commerce, House of Representatives, Eightieth Congress, first session, On H.R. 3073, a bill to amend forty-second United States Code 253(b) (Public Health Service act of July 1, 1944,) and H.R. 3784, a bill to authorize the Public Health Service to admit to its hospitals persons committed by state courts who are beneficiaries of the service or narcotic addicts. July 21, 1947. |
| 260 ## - PUBLICATION, DISTRIBUTION, ETC. | |
| Place of publication, distribution, etc. | Washington, |
| Name of publisher, distributor, etc. | U.S. Govt. Print. Off., |
| Date of publication, distribution, etc. | 1947. |
| 300 ## - PHYSICAL DESCRIPTION | |
| Extent | iii, 12 p. |
| Dimensions | 23 cm. |
| 500 ## - GENERAL NOTE | |
| General note | Robert Hale, chairman of subcommittee. |
| 530 ## - ADDITIONAL PHYSICAL FORM AVAILABLE NOTE | |
| Additional physical form available note | Available also in microform in CIS US congressional committee hearings, accession number (80)H1155-5. |
| 650 #0 - SUBJECT ADDED ENTRY--TOPICAL TERM | |
| Topical term or geographic name entry element | Public health |
| Geographic subdivision | United States. |
| 650 #0 - SUBJECT ADDED ENTRY--TOPICAL TERM | |
| Topical term or geographic name entry element | Hospitals |
| Geographic subdivision | United States. |
No items available.